Código aeronáutico de la nación Argentina : Ley 17.285 - Comentado /
Guardado en:
| Otros Autores: | |
|---|---|
| Formato: | Libro |
| Idioma: | Spanish |
| Publicado: |
Buenos Aires :
Abeledo - Perrot,
1996.
|
| Edición: | 4a. ed. amp. y act. |
| Materias: | |
| Etiquetas: |
Agregar Etiqueta
Sin Etiquetas, Sea el primero en etiquetar este registro!
|
| LEADER | 00711nam a22001815a 4500 | ||
|---|---|---|---|
| 001 | DER.der012755 | ||
| 008 | 180615s1996####|||||||||||||||||#||spa|| | ||
| 005 | 20240927130715.0 | ||
| 245 | 1 | 0 | |a Código aeronáutico de la nación Argentina : |b Ley 17.285 - Comentado / |c Argentina. |
| 250 | |a 4a. ed. amp. y act. | ||
| 260 | |a Buenos Aires : |b Abeledo - Perrot, |c 1996. | ||
| 300 | |a 471 p. | ||
| 501 | |a Convenciones internacionales aprobadas por la República Argentina. Legislación complementaria, leyes, decretos y resoluciones administrativas. | ||
| 020 | |a 9502009150 | ||
| 240 | 1 | 0 | |a Argentina - Códigos |
| 700 | 1 | |a Lena Paz, Juan A. | |
| 650 | 7 | |a DERECHO DE LA NAVEGACION | |
| 859 | |a DERECHO |b BIB. DERECHO |h 348.023 |i ARG |p 007588 | ||
